[Event "FRA-chT1 0910"]
[Site "France"]
[Date "2009.11.22"]
[Round "5.3"]
[White "Voisembert, Alain"]
[Black "Pira, Davoud"]
[Result "0-1"]
[WhiteElo "2091"]
[BlackElo "2382"]
[PlyCount "52"]
[EventDate "2009.09.27"]
[EventType "team-match"]
[EventRounds "11"]
[EventCountry "FRA"]
[SourceDate "2009.07.26"]

1. e4 c5 2. Nf3 Nc6 3. Bb5 e6 4. O-O Nge7 5. d4 cxd4 6. Nxd4 Qb6 7. Nxc6 bxc6
8. Ba4 Ng6 9. Nc3 Be7 10. Bb3 e5 11. Kh1 Ba6 12. Be3 Qc7 13. Re1 O-O 14. Qh5
Rad8 15. Rad1 d6 16. Ne2 d5 17. Ng3 d4 18. Bg5 Bxg5 19. Qxg5 Qe7 20. Qd2 Nf4
21. Nf5 Qf6 22. g3 Ng6 23. h4 Bc8 24. Qg5 Qxg5 25. hxg5 Be6 26. Kg2 c5 {suite
illisible} 0-1

[Event "FRA-chT1 0910"]
[Site "France"]
[Date "2009.11.22"]
[Round "5.5"]
[White "Sola, Flavien"]
[Black "Rihouay, Clement"]
[Result "0-1"]
[WhiteElo "1934"]
[BlackElo "2220"]
[PlyCount "104"]
[EventDate "2009.09.27"]
[EventType "team-match"]
[EventRounds "11"]
[EventCountry "FRA"]
[SourceDate "2009.07.26"]

1. e4 c5 2. Nc3 Nc6 3. g3 g6 4. Bg2 Bg7 5. d3 d6 6. Be3 e5 7. Qd2 Be6 8. Nd5
Bxd5 9. exd5 Nce7 10. Ne2 Nf6 11. Nc3 Ng4 12. Bg5 h6 13. f3 Nf6 14. Bxf6 Bxf6
15. h4 Nf5 16. Ne4 h5 17. Qf2 Bg7 18. Bh3 Bh6 19. f4 exf4 20. O-O fxg3 21. Nxg3
Qxh4 22. Rae1+ Kf8 23. Nxf5 Qxf2+ 24. Rxf2 gxf5 25. Rxf5 Re8 26. Ref1 Rh7 27.
Rf6 Ke7 28. Kh1 Bg5 29. R6f2 Rg7 30. Kh2 Bh4 31. Re1+ Kf8 32. Rxe8+ Kxe8 33.
Re2+ Kf8 34. Bc8 b6 35. Rg2 Bf6 36. Rxg7 Kxg7 37. c3 Kg6 38. Kh3 Kg5 39. Kg3
Be5+ 40. Kf3 f5 41. Ba6 h4 42. d4 cxd4 43. cxd4 Bxd4 44. b3 Kf6 45. Bc4 Ke5 46.
Bd3 Bb2 47. Bc2 Bc1 48. Bd3 Bf4 49. Bf1 Bg3 50. Bh3 f4 51. Be6 b5 52. b4 Kd4
0-1

[Event "FRA-chT1 0910"]
[Site "France"]
[Date "2009.10.17"]
[Round "2.3"]
[White "Istratescu, Andrei"]
[Black "Ivanov, Jordan"]
[Result "1/2-1/2"]
[WhiteElo "2624"]
[BlackElo "2408"]
[PlyCount "82"]
[EventDate "2009.09.27"]
[EventType "team-match"]
[EventRounds "11"]
[EventCountry "FRA"]
[SourceDate "2009.07.26"]
[WhiteTeam "Belfort"]
[BlackTeam "Montrevel en Bresse"]

1. e4 c5 2. Nf3 e6 3. d4 cxd4 4. Nxd4 Nc6 5. Nc3 Qc7 6. g3 a6 7. Bg2 d6 8. O-O
Bd7 9. Nxc6 Bxc6 10. Re1 Be7 11. Qg4 h5 12. Qe2 h4 13. Be3 (13. a4 {la grande
ligne}) 13... hxg3 14. hxg3 Nf6 15. a4 Kf8 $1 {[%cal Gg7g6,Gf8g7]} 16. f4 (16.
a5 {[%cal Ge3b6]} g6) 16... Rc8 17. a5 e5 (17... g6 {[%cal Gf8g7]}) 18. Bb6 Qd7
19. Rad1 {[%cal Gd1d7,Gf4e5]} Qg4 (19... exf4 20. gxf4 Rh4 $132) 20. Qxg4 Nxg4
21. Re2 exf4 22. gxf4 Rh4 23. Nd5 Bxd5 24. Rxd5 Nf6 25. Rd3 Nh5 26. Be3 Nxf4
27. Bxf4 Rxf4 28. Rb3 Rc7 29. c3 Bf6 30. Rd2 Be5 31. Rb4 Ke7 32. Bf1 Kd8 33.
Rf2 Kc8 34. Rxf4 Bxf4 35. Bc4 Rc5 36. Bd5 Rb5 37. Rxb5 axb5 38. Bxf7 Bc1 39. b3
Bd2 40. Be8 Bxc3 41. Bxb5 Bxa5 1/2-1/2

[Event "FRA-chT1 0910"]
[Site "France"]
[Date "2009.10.17"]
[Round "2.6"]
[White "Brailly Vignal, Bastien"]
[Black "Muller, Anne"]
[Result "1/2-1/2"]
[WhiteElo "2166"]
[BlackElo "2158"]
[PlyCount "83"]
[EventDate "2009.09.27"]
[EventType "team-match"]
[EventRounds "11"]
[EventCountry "FRA"]
[SourceDate "2009.07.26"]

1. d4 Nf6 2. c4 e6 3. Nc3 Bb4 4. Qc2 c5 5. dxc5 O-O 6. Nf3 Na6 7. a3 Bxc3+ 8.
Qxc3 Nxc5 9. b4 Nce4 10. Qc2 b6 11. e3 Bb7 12. Be2 Qe7 13. Bb2 Rfc8 14. O-O d5
15. Qb3 a5 16. Bd4 dxc4 17. Bxc4 axb4 18. axb4 Rxa1 19. Rxa1 Qc7 20. Bd3 Ng4
21. Bxe4 Bxe4 22. h3 Bxf3 23. hxg4 Bxg4 24. Qb2 f6 25. Ra6 Rb8 26. Qa2 Qc6 27.
Ra7 Bh5 28. b5 Qe8 29. Rc7 Ra8 30. Qc4 Bf7 31. Bxb6 e5 32. Qc5 Ra1+ 33. Kh2 Be6
34. Qb4 Qh5+ 35. Kg3 Qg5+ 36. Kh2 Qh5+ 37. Kg3 Qg6+ 38. Kh2 Ra2 39. Ra7 Qh5+
40. Kg1 Qd1+ 41. Kh2 Qh5+ 42. Kg1 1/2-1/2

[Event "FRA-chT1 0910"]
[Site "France"]
[Date "2009.10.17"]
[Round "2.7"]
[White "Millon, Valentin"]
[Black "Cavillon, Fabien"]
[Result "0-1"]
[WhiteElo "2082"]
[BlackElo "2121"]
[PlyCount "48"]
[EventDate "2009.09.27"]
[EventType "team-match"]
[EventRounds "11"]
[EventCountry "FRA"]
[SourceDate "2009.07.26"]

1. d4 e6 2. e4 d5 3. e5 c5 4. c3 Nc6 5. Nf3 Qb6 6. a3 Nh6 7. b4 cxd4 8. cxd4
Nf5 9. Bb2 Bd7 10. g4 Nh6 11. Rg1 Be7 12. Nc3 f6 13. Na4 Qd8 14. Bd3 fxe5 15.
dxe5 O-O 16. Rc1 Nxb4 17. Nc5 Qa5 18. axb4 Qxb4+ 19. Bc3 Qxc5 20. Rg3 Qa3 21.
Qc2 Rac8 22. Bxh7+ Kh8 23. g5 Rxc3 24. Qxc3 Bb4 0-1

[Event "FRA-chT1 0910"]
[Site "France"]
[Date "2009.10.17"]
[Round "2.4"]
[White "Ansell, Simon"]
[Black "Villegas, Pierre"]
[Result "1-0"]
[WhiteElo "2380"]
[BlackElo "2236"]
[PlyCount "57"]
[EventDate "2009.09.27"]
[EventType "team-match"]
[EventRounds "11"]
[EventCountry "FRA"]
[SourceDate "2009.07.26"]

1. e4 c5 2. Nf3 d6 3. c3 Nf6 4. Be2 Bd7 5. d3 e6 6. Nbd2 Bc6 7. O-O Be7 8. b4
b6 9. a4 Nbd7 10. Bb2 O-O 11. Qb1 Ne8 12. d4 f5 13. b5 Bb7 14. exf5 exf5 15.
Bd3 g6 16. Qa2+ Kg7 17. Rfe1 Nc7 18. d5 Bf6 19. c4 Re8 20. Rxe8 Qxe8 21. Re1
Qf8 22. a5 a6 23. axb6 axb5 24. Qb1 Nxb6 25. Ng5 Re8 26. Bxf6+ Qxf6 27. Rxe8
Nxe8 28. Ne6+ Kg8 29. Qxb5 1-0

[Event "FRA-chT1 0910"]
[Site "France"]
[Date "2009.10.17"]
[Round "2.8"]
[White "Wilson, Alexandra"]
[Black "Macarry, Elodie"]
[Result "1-0"]
[WhiteElo "2083"]
[BlackElo "1894"]
[PlyCount "49"]
[EventDate "2009.09.27"]
[EventType "team-match"]
[EventRounds "11"]
[EventCountry "FRA"]
[SourceDate "2009.07.26"]

1. e4 c6 2. d4 d5 3. Nc3 dxe4 4. Nxe4 Nf6 5. Nxf6+ gxf6 6. Nf3 Bf5 7. g3 e6 8.
Bg2 Nd7 9. O-O Nb6 10. Nh4 Bg6 11. Re1 Be7 12. a4 a5 13. Bh6 f5 14. Nf3 Bh5 15.
c3 Rg8 16. Qd3 Rg6 17. Bd2 Bxf3 18. Bxf3 Nd5 19. Bh5 Rg8 20. Rxe6 Nf6 21. Qxf5
Nxh5 22. Qxh5 Rg6 23. Re5 Kd7 24. Rae1 Bd6 25. Qf5+ 1-0

[Event "FRA-chT1 0910"]
[Site "France"]
[Date "2009.10.17"]
[Round "2.3"]
[White "Weill, Roland"]
[Black "Sermier, Alain"]
[Result "1-0"]
[WhiteElo "2218"]
[BlackElo "2079"]
[PlyCount "49"]
[EventDate "2009.09.27"]
[EventType "team-match"]
[EventRounds "11"]
[EventCountry "FRA"]
[SourceDate "2009.07.26"]

1. e4 e5 2. Nf3 Nc6 3. Bb5 d6 4. d4 Bd7 5. Nc3 Nge7 6. Be3 g6 7. dxe5 dxe5 8.
Qd2 a6 9. Be2 Bg7 10. O-O-O Bg4 11. Nd5 Nxd5 12. exd5 Ne7 13. Bc5 b6 14. Ba3 h5
15. Kb1 O-O 16. h3 Bc8 17. g4 hxg4 18. hxg4 c5 19. dxc6 Qxd2 20. Rxd2 Ra7 21.
Ng5 Be6 22. Nxe6 fxe6 23. Rd7 Rxd7 24. cxd7 Kf7 25. Bxa6 1-0

[Event "FRA-chT1 0910"]
[Site "France"]
[Date "2009.10.17"]
[Round "2.6"]
[White "Fevre, Matthieu"]
[Black "Dacalor, Aurelie"]
[Result "1-0"]
[WhiteElo "2071"]
[BlackElo "2028"]
[PlyCount "59"]
[EventDate "2009.09.27"]
[EventType "team-match"]
[EventRounds "11"]
[EventCountry "FRA"]
[SourceDate "2009.07.26"]

1. e4 d5 2. exd5 Qxd5 3. Nf3 c6 4. d4 Bg4 5. Be2 Nf6 6. O-O e6 7. Bf4 Qf5 8.
Qd2 Nd5 9. Bg3 Be7 10. c4 Nb6 11. Bd3 Qh5 12. Ne5 Bf5 13. Be2 Qg5 14. Bf4 Qf6
15. g4 g5 16. Bg3 Bxb1 17. Raxb1 Qg7 18. f4 f6 19. Nf3 h6 20. Bd3 O-O 21. Rbe1
f5 22. Rxe6 gxf4 23. Bxf5 Nxc4 24. Qe2 Rxf5 25. gxf5 Kf8 26. Rg6 Qf7 27. Bxf4
Nd7 28. Bxh6+ Ke8 29. Ng5 Qd5 30. Ne6 1-0

[Event "FRA-chT1 0910"]
[Site "France"]
[Date "2009.10.17"]
[Round "2.1"]
[White "Georgiev, Vladimir"]
[Black "Colovic, Aleksandar"]
[Result "1/2-1/2"]
[WhiteElo "2537"]
[BlackElo "2441"]
[PlyCount "45"]
[EventDate "2009.09.27"]
[EventType "team-match"]
[EventRounds "11"]
[EventCountry "FRA"]
[SourceDate "2009.07.26"]
[WhiteTeam "Mulhouse"]

1. d4 d5 2. c4 c6 3. e3 Nf6 4. Nc3 e6 5. Nf3 Nbd7 6. Qc2 Bd6 7. Bd3 O-O 8. O-O
dxc4 9. Bxc4 a6 10. a4 c5 11. dxc5 Nxc5 12. Rd1 Qc7 13. b4 Ncd7 14. Ne4 Bxb4
15. Bb2 h6 16. Rac1 Be7 17. Nxf6+ Nxf6 18. Be5 Qa5 19. Ba2 Bd7 20. Bc3 Qxa4 21.
Bb3 Qb5 22. Ne5 Bc6 23. Qa2 1/2-1/2

[Event "FRA-chT1 0910"]
[Site "France"]
[Date "2009.10.17"]
[Round "2.5"]
[White "Netzer, Jacques"]
[Black "Brih, Said"]
[Result "0-1"]
[WhiteElo "2186"]
[BlackElo "2336"]
[PlyCount "52"]
[EventDate "2009.09.27"]
[EventType "team-match"]
[EventRounds "11"]
[EventCountry "FRA"]
[SourceDate "2009.07.26"]

1. e4 c5 2. Nf3 Nc6 3. Nc3 e5 4. Bc4 Be7 5. d3 Nf6 6. Nd2 O-O 7. Nf1 d6 8. Ne3
Be6 9. Ned5 Nd7 10. h4 Nb6 11. Nxb6 axb6 12. Be3 Nd4 13. Bxd4 cxd4 14. Nd5 b5
15. Nxe7+ Qxe7 16. Bxb5 d5 17. Qe2 Qd8 18. Qd2 Qb6 19. exd5 Bxd5 20. Bc4 Bxg2
21. O-O-O Bxh1 22. Rxh1 Qf6 23. Rg1 Qxh4 24. Qg5 Qxg5+ 25. Rxg5 h6 26. Rf5 Ra7
0-1

[Event "FRA-chT1 0910"]
[Site "France"]
[Date "2009.10.17"]
[Round "2.7"]
[White "Nass, Emile"]
[Black "Forestier, Flavien"]
[Result "1-0"]
[WhiteElo "2220"]
[BlackElo "2184"]
[PlyCount "55"]
[EventDate "2009.09.27"]
[EventType "team-match"]
[EventRounds "11"]
[EventCountry "FRA"]
[SourceDate "2009.07.26"]

1. d4 d5 2. Nf3 Nf6 3. g3 e6 4. Bg2 Be7 5. O-O O-O 6. c4 dxc4 7. Ne5 Nc6 8.
Bxc6 bxc6 9. Nxc6 Qd6 10. Qa4 Bb7 11. Nxe7+ Qxe7 12. Qxc4 a5 13. Nc3 Qd7 14.
Bf4 Rfc8 15. f3 Ra6 16. Rad1 Rb6 17. Rd2 Nd5 18. Nxd5 Bxd5 19. Qc3 a4 20. Qa3
f5 21. Be5 Rf8 22. Rc2 Rb7 23. Rfc1 Rc8 24. Rc5 h6 25. Re1 Rb6 26. Rec1 Rb7 27.
Ra5 Bc6 28. Rxc6 1-0

[Event "FRA-chT1 0910"]
[Site "France"]
[Date "2009.10.17"]
[Round "2.4"]
[White "Delabaca, Romuald"]
[Black "Perez, Flavio"]
[Result "1-0"]
[WhiteElo "2204"]
[BlackElo "2267"]
[PlyCount "87"]
[EventDate "2009.09.27"]
[EventType "team-match"]
[EventRounds "11"]
[EventCountry "FRA"]
[SourceDate "2009.07.26"]

1. e4 g6 2. d4 Bg7 3. Nc3 d6 4. Be3 Nd7 5. Qd2 c6 6. Nf3 Qa5 7. Bd3 e5 8. O-O
Ngf6 9. Nb5 Qxd2 10. Nxd6+ Ke7 11. Nxc8+ Raxc8 12. Bxd2 exd4 13. Nxd4 c5 14.
Nb5 a6 15. Nc3 Rhe8 16. Rfe1 Kf8 17. Rad1 b5 18. Bf4 Kg8 19. f3 Nh5 20. Be3
Bxc3 21. bxc3 Nb6 22. Bf1 Na4 23. Rd6 Re6 24. Rxe6 fxe6 25. c4 b4 26. Rd1 Nc3
27. Rd6 a5 28. Ra6 a4 29. Bd2 Nb1 30. Bg5 a3 31. Ra7 Nc3 32. g4 Nxa2 33. gxh5
Nc3 34. Bf6 Nd1 35. hxg6 hxg6 36. Be2 Nc3 37. Bd3 Rb8 38. Kf2 Nd1+ 39. Ke2 Nb2
40. Rg7+ Kf8 41. Ra7 Re8 42. e5 Nxd3 43. Kxd3 Rc8 44. Kd2 1-0

[Event "FRA-chT1 0910"]
[Site "France"]
[Date "2009.10.17"]
[Round "2.7"]
[White "Bressac, Stephane"]
[Black "Giroyan, Gary"]
[Result "1-0"]
[WhiteElo "2153"]
[BlackElo "2180"]
[PlyCount "47"]
[EventDate "2009.09.27"]
[EventType "team-match"]
[EventRounds "11"]
[EventCountry "FRA"]
[SourceDate "2009.07.26"]

1. e4 c5 2. Nf3 d6 3. d4 cxd4 4. Nxd4 Nf6 5. Nc3 a6 6. g3 e6 7. Bg2 Qc7 8. O-O
Nc6 9. Be3 Be7 10. f4 Bd7 11. Qe2 Rc8 12. Rad1 b5 13. a3 Na5 14. Bc1 O-O 15. g4
Nc4 16. g5 Ne8 17. Rd3 a5 18. Qh5 g6 19. Qh6 Ng7 20. Rh3 Nh5 21. f5 Qc5 22. f6
Qxd4+ 23. Kh1 Bxf6 24. Rxh5 1-0

[Event "FRA-chT1 0910"]
[Site "France"]
[Date "2009.10.18"]
[Round "3.7"]
[White "Fevre, Matthieu"]
[Black "Gingene, Eric"]
[Result "1-0"]
[WhiteElo "2071"]
[BlackElo "2097"]
[PlyCount "42"]
[EventDate "2009.09.27"]
[EventType "team-match"]
[EventRounds "11"]
[EventCountry "FRA"]
[SourceDate "2009.07.26"]

1. e4 d6 2. d4 Nf6 3. Nc3 g6 4. Nf3 Bg7 5. Be2 O-O 6. O-O Nc6 7. h3 e5 8. Be3
Re8 9. d5 Ne7 10. b4 Nd7 11. Nb5 a6 12. Na7 f5 13. Nxc8 Qxc8 14. Ng5 fxe4 15.
Bg4 Nf5 16. Bxf5 gxf5 17. Qh5 Nf8 18. Qf7+ Kh8 19. a4 Qd7 20. Qh5 Kg8 21. Nxe4
fxe4 1-0

[Event "FRA-chT1 0910"]
[Site "France"]
[Date "2009.10.18"]
[Round "3.8"]
[White "Chebance, Benoit"]
[Black "Jeannerot, Lea"]
[Result "1-0"]
[WhiteElo "1986"]
[BlackElo "1230"]
[PlyCount "49"]
[EventDate "2009.09.27"]
[EventType "team-match"]
[EventRounds "11"]
[EventCountry "FRA"]
[SourceDate "2009.07.26"]

1. e4 e5 2. Nf3 Nc6 3. d4 d6 4. Bc4 Nh6 5. Bg5 Be7 6. Bxh6 gxh6 7. d5 Na5 8.
Bd3 Bd7 9. b4 Nc6 10. dxc6 Bxc6 11. Qd2 Bf8 12. Nc3 a6 13. Qe2 b5 14. g3 Bd7
15. Nh4 c5 16. Qh5 Be6 17. Nf5 Qg5 18. Qxg5 hxg5 19. O-O d5 20. a3 d4 21. Ne2
Rd8 22. g4 Bc4 23. Neg3 Be6 24. Nh5 Bxf5 25. gxf5 1-0

[Event "FRA-chT1 0910"]
[Site "France"]
[Date "2009.10.18"]
[Round "3.3"]
[White "Ninov, Nikolai"]
[Black "Lerch, Patrice"]
[Result "1/2-1/2"]
[WhiteElo "2532"]
[BlackElo "2322"]
[PlyCount "57"]
[EventDate "2009.09.27"]
[EventType "team-match"]
[EventRounds "11"]
[EventCountry "FRA"]
[SourceDate "2009.07.26"]
[WhiteTeam "La Tour Hyéroise"]

1. e4 c5 2. Nf3 Nc6 3. d4 cxd4 4. Nxd4 g6 5. c4 Bg7 6. Be3 Nf6 7. Nc3 b6 8. Be2
Bb7 9. O-O O-O 10. Nxc6 Bxc6 11. f3 Qb8 12. Qd2 Rd8 13. Bg5 d6 14. Nd5 Rd7 15.
a4 Qd8 16. a5 bxa5 17. Rxa5 Rb8 18. Rb1 Rdb7 19. Ra2 Nxd5 20. exd5 Bd7 21. b4
Qc7 22. b5 e6 23. Rd1 exd5 24. Qxd5 Be5 25. f4 Be6 26. Qc6 Bg7 27. Qxd6 Bxc4
28. Bxc4 Qxc4 29. Rxa7 1/2-1/2

[Event "FRA-chT1 0910"]
[Site "France"]
[Date "2009.10.18"]
[Round "3.4"]
[White "Ider, Borya"]
[Black "Vuitton, Gilles"]
[Result "1-0"]
[WhiteElo "2266"]
[BlackElo "2157"]
[PlyCount "59"]
[EventDate "2009.09.27"]
[EventType "team-match"]
[EventRounds "11"]
[EventCountry "FRA"]
[SourceDate "2009.07.26"]

1. d4 e6 2. Nf3 d5 3. g3 f5 4. Bg2 Nf6 5. O-O Bd6 6. c4 c6 7. b3 Qe7 8. Bb2 b6
9. Qc1 Bb7 10. Ba3 Nbd7 11. Bxd6 Qxd6 12. Qb2 O-O 13. Nbd2 Rae8 14. Ne5 c5 15.
e3 Qc7 16. Nxd7 Nxd7 17. cxd5 exd5 18. Rac1 a5 19. Rfd1 Nf6 20. Nf3 Qe7 21.
dxc5 bxc5 22. Qa3 Ne4 23. Rc2 Ra8 24. Nd2 Qf7 25. Qb2 Rfc8 26. Rdc1 Rab8 27.
Nxe4 dxe4 28. Rxc5 a4 29. Rxc8+ Bxc8 30. Qe5 1-0

[Event "FRA-chT1 0910"]
[Site "France"]
[Date "2009.10.18"]
[Round "3.8"]
[White "Choisy, Mathilde"]
[Black "Macarry, Elodie"]
[Result "1-0"]
[WhiteElo "2134"]
[BlackElo "1894"]
[PlyCount "57"]
[EventDate "2009.09.27"]
[EventType "team-match"]
[EventRounds "11"]
[EventCountry "FRA"]
[SourceDate "2009.07.26"]

1. e4 c6 2. d4 d5 3. f3 e6 4. Nc3 Bd6 5. Be3 Nd7 6. Bd3 Ne7 7. Nge2 Nb6 8. e5
Bc7 9. b3 Nd7 10. O-O c5 11. f4 cxd4 12. Nxd4 Nc6 13. Ncb5 Nxd4 14. Bxd4 O-O
15. Qh5 g6 16. Qh6 Bb6 17. Rf3 Bxd4+ 18. Nxd4 Re8 19. Nb5 Nf8 20. Nd6 Re7 21.
h4 a6 22. h5 Rc7 23. Raf1 f5 24. exf6 Qxd6 25. hxg6 hxg6 26. Bxg6 Qd8 27. Re3
Qxf6 28. Bh7+ Kf7 29. Bg8+ 1-0

[Event "FRA-chT1 0910"]
[Site "France"]
[Date "2009.10.18"]
[Round "3.2"]
[White "Vajda, Levente"]
[Black "Vaklinov, Vasil"]
[Result "1-0"]
[WhiteElo "2557"]
[BlackElo "2217"]
[PlyCount "51"]
[EventDate "2009.09.27"]
[EventType "team-match"]
[EventRounds "11"]
[EventCountry "FRA"]
[SourceDate "2009.07.26"]
[WhiteTeam "Belfort"]

1. e4 c5 2. c3 d5 3. exd5 Qxd5 4. d4 Nf6 5. Nf3 Bg4 6. dxc5 Bxf3 7. Qxf3 Qxf3
8. gxf3 e6 9. b4 Nbd7 10. a3 O-O-O 11. Ra2 Ne5 12. Be2 Nd3+ 13. Bxd3 Rxd3 14.
Ke2 Rd8 15. Be3 Kb8 16. c4 Be7 17. Nc3 h6 18. Rd2 Rxd2+ 19. Bxd2 Rd8 20. Bf4+
Kc8 21. Nb5 a6 22. Na7+ Kd7 23. Rd1+ Ke8 24. Rxd8+ Kxd8 25. c6 bxc6 26. Nxc6+
1-0

[Event "FRA-chT1 0910"]
[Site "France"]
[Date "2009.10.18"]
[Round "3.5"]
[White "Hamdouchi, Adina Maria"]
[Black "Monsieux, Sebastien"]
[Result "1-0"]
[WhiteElo "2314"]
[BlackElo "2115"]
[PlyCount "55"]
[EventDate "2009.09.27"]
[EventType "team-match"]
[EventRounds "11"]
[EventCountry "FRA"]
[SourceDate "2009.07.26"]

1. d4 f5 2. Bg5 c6 3. c3 Qb6 4. Qc2 d6 5. h3 g6 6. g4 Bg7 7. Nd2 Nf6 8. f3 Be6
9. e4 fxe4 10. fxe4 Nbd7 11. Ngf3 O-O-O 12. Be3 Qc7 13. O-O-O Rhf8 14. Be2 Bg8
15. Rhf1 Nb6 16. c4 Nbd7 17. Qa4 Kb8 18. Kb1 c5 19. d5 Nb6 20. Qc2 Nfd7 21. h4
Ne5 22. Nxe5 Bxe5 23. Nf3 Bg7 24. h5 Nd7 25. Bd2 Nf6 26. Nh4 Bf7 27. Bc3 Bh8
28. g5 1-0

[Event "FRA-chT1 0910"]
[Site "France"]
[Date "2009.10.18"]
[Round "3.6"]
[White "Muller, Anne"]
[Black "Castejon, Nicolas"]
[Result "1-0"]
[WhiteElo "2158"]
[BlackElo "2002"]
[PlyCount "62"]
[EventDate "2009.09.27"]
[EventType "team-match"]
[EventRounds "11"]
[EventCountry "FRA"]
[SourceDate "2009.07.26"]

1. e4 e6 2. d4 d5 3. Nd2 Nf6 4. e5 Nfd7 5. Bd3 c5 6. c3 Nc6 7. Ne2 cxd4 8. cxd4
Qb6 9. Nf3 f6 10. exf6 Nxf6 11. O-O Bd6 12. Nc3 a6 13. a3 Bd7 14. Bg5 O-O-O 15.
Na4 Qa7 16. Be3 b5 17. Nc5 Bxc5 18. dxc5 e5 19. a4 b4 20. Qe2 Kb7 21. Nxe5 d4
22. Nxd7 Nxd7 23. Bf4 Nxc5 24. Rac1 Nxd3 25. Qxd3 g6 26. Rc4 Rhe8 27. Rfc1 Rc8
28. Qf3 Qb6 29. h3 Re6 30. Bd2 a5 31. Rc5 Re5 1-0

[Event "FRA-chT1 0910"]
[Site "France"]
[Date "2009.10.18"]
[Round "3.1"]
[White "Gachet, Sebastien"]
[Black "Efimov, Igor"]
[Result "1/2-1/2"]
[WhiteElo "2316"]
[BlackElo "2435"]
[PlyCount "83"]
[EventDate "2009.09.27"]
[EventType "team-match"]
[EventRounds "11"]
[EventCountry "FRA"]
[SourceDate "2009.07.26"]
[BlackTeam "Monaco"]

1. e4 c5 2. Nf3 Nc6 3. d4 cxd4 4. Nxd4 Qb6 5. Nb3 Nf6 6. Nc3 e6 7. Be3 Qc7 8.
f4 Bb4 9. Bd3 d5 10. e5 Ne4 11. Bxe4 dxe4 12. O-O Bxc3 13. bxc3 b6 14. Nd2 Ba6
15. Re1 O-O-O 16. Qc1 f5 17. exf6 gxf6 18. c4 Rhg8 19. c5 Nd4 20. cxb6 axb6 21.
c4 Bb7 22. g3 e5 23. Kf2 Nf5 24. fxe5 fxe5 25. c5 bxc5 26. Nf1 Nd4 27. Qc4 Rg6
28. Rac1 Rc6 29. Nd2 Ba6 30. Qa4 Bd3 31. Nc4 Nf3 32. Red1 Nxh2 33. Nxe5 Ra6 34.
Qb3 c4 35. Nxc4 Ng4+ 36. Kg2 Bxc4 37. Rxd8+ Kxd8 38. Bg5+ Kc8 39. Rxc4 Rc6 40.
Rxc6 Qxc6 41. Qg8+ Kb7 42. Qb3+ 1/2-1/2

[Event "FRA-chT1 0910"]
[Site "France"]
[Date "2009.10.18"]
[Round "3.3"]
[White "Perez, Flavio"]
[Black "Acher, Mathieu"]
[Result "1/2-1/2"]
[WhiteElo "2267"]
[BlackElo "2340"]
[PlyCount "47"]
[EventDate "2009.09.27"]
[EventType "team-match"]
[EventRounds "11"]
[EventCountry "FRA"]
[SourceDate "2009.07.26"]

1. e4 g6 2. Nc3 Bg7 3. g3 e5 4. Bg2 Ne7 5. Nge2 O-O 6. d4 exd4 7. Nxd4 Nbc6 8.
Be3 d6 9. h3 Ne5 10. Qe2 c5 11. Nf3 Nxf3+ 12. Qxf3 Qb6 13. Bc1 Qa6 14. Qe2
Qxe2+ 15. Nxe2 Nc6 16. c3 f5 17. exf5 Bxf5 18. O-O Rae8 19. Nf4 Be4 20. Be3
Bxg2 21. Kxg2 Ne5 22. Rad1 Nc4 23. Bc1 Be5 24. Nd5 1/2-1/2

[Event "FRA-chT1 0910"]
[Site "France"]
[Date "2009.10.18"]
[Round "3.4"]
[White "Rouchouse, Stevens"]
[Black "Rouzaud, Philippe"]
[Result "1/2-1/2"]
[WhiteElo "2218"]
[BlackElo "2293"]
[PlyCount "80"]
[EventDate "2009.09.27"]
[EventType "team-match"]
[EventRounds "11"]
[EventCountry "FRA"]
[SourceDate "2009.07.26"]

1. e4 c5 2. Nf3 e6 3. d4 cxd4 4. Nxd4 Nf6 5. Bd3 Nc6 6. Nxc6 bxc6 7. O-O d5 8.
Nd2 g6 9. b3 Bg7 10. Ba3 Qa5 11. Bd6 Ba6 12. e5 Nd7 13. Nf3 Bf8 14. Bxf8 Kxf8
15. Qc1 Kg7 16. Qf4 Bxd3 17. cxd3 c5 18. Rfc1 Rab8 19. d4 cxd4 20. Qxd4 Rhc8
21. Qh4 Qa3 22. Rd1 Rc7 23. h3 Rbc8 24. Qf4 Rc2 25. Ng5 Qe7 26. Nf3 a6 27. Nd4
R2c7 28. Rd3 Rc3 29. Rad1 Qc5 30. Rxc3 Qxc3 31. Qg5 Qc7 32. f4 Kg8 33. Qe7 Nb8
34. Qxc7 Rxc7 35. Rd2 Kf8 36. Rc2 Rxc2 37. Nxc2 Ke7 38. Kf2 h5 39. Ke3 Nc6 40.
Ne1 Kd7 1/2-1/2

[Event "FRA-chT1 0910"]
[Site "France"]
[Date "2009.10.18"]
[Round "3.5"]
[White "Oliveira, Sancho"]
[Black "Nelis, Jean Francois"]
[Result "1/2-1/2"]
[WhiteElo "2220"]
[BlackElo "2227"]
[PlyCount "98"]
[EventDate "2009.09.27"]
[EventType "team-match"]
[EventRounds "11"]
[EventCountry "FRA"]
[SourceDate "2009.07.26"]

1. e4 e6 2. d4 d5 3. Nc3 Bb4 4. e5 c5 5. a3 Bxc3+ 6. bxc3 Qa5 7. Bd2 Qa4 8. Qg4
Kf8 9. Qd1 Nc6 10. Nf3 b6 11. dxc5 Ba6 12. Bxa6 Qxa6 13. cxb6 axb6 14. Qe2 Nge7
15. Qxa6 Rxa6 16. O-O Na5 17. Be3 Nc4 18. Bd4 Nc6 19. Ng5 h6 20. Nh3 g6 21. f4
h5 22. Bf2 h4 23. Ng5 Ne7 24. Rfb1 Nf5 25. Rb3 Kg7 26. a4 Rha8 27. Rb4 Rc8 28.
a5 Rca8 29. Rab1 Rxa5 30. Bxb6 Ra1 31. Bc5 Rxb1+ 32. Rxb1 Rc8 33. Rb7 Kg8 34.
Bb4 Nh6 35. Kf2 Ra8 36. Ke2 Rc8 37. Nf3 Nf5 38. Ng5 Nh6 39. h3 Re8 40. Be7 Nf5
41. Bc5 Rc8 42. Bf2 Rf8 43. Rc7 Ng3+ 44. Bxg3 hxg3 45. Kf3 Na3 46. Kxg3 Nxc2
47. Kf2 d4 48. cxd4 Nxd4 49. g4 Nb5 1/2-1/2

[Event "FRA-chT1 0910"]
[Site "France"]
[Date "2009.10.18"]
[Round "3.6"]
[White "Van Hoolandt, Patrick"]
[Black "Boursier, Julien"]
[Result "0-1"]
[WhiteElo "2229"]
[BlackElo "2102"]
[PlyCount "64"]
[EventDate "2009.09.27"]
[EventType "team-match"]
[EventRounds "11"]
[EventCountry "FRA"]
[SourceDate "2009.07.26"]

1. d4 d5 2. c4 e6 3. Nf3 Nf6 4. Nc3 Nbd7 5. cxd5 exd5 6. Bg5 Be7 7. Qc2 c6 8.
e3 O-O 9. Bd3 Re8 10. O-O Nf8 11. h3 Ng6 12. Bxf6 Bxf6 13. b4 Qd6 14. Rab1 Bd7
15. Rfc1 Rac8 16. a4 b6 17. Ne2 Kh8 18. Ng3 Nh4 19. Nxh4 Bxh4 20. Nf5 Qf6 21.
g3 Bg5 22. h4 Bh6 23. a5 Rc7 24. axb6 axb6 25. Ra1 Bxf5 26. Bxf5 g6 27. Bh3
Bxe3 28. fxe3 Rxe3 29. Kh2 Qf3 30. Bg2 Re2 31. Qxe2 Qxe2 32. Rab1 Ra7 0-1

[Event "FRA-chT1 0910"]
[Site "France"]
[Date "2009.10.18"]
[Round "3.5"]
[White "Bafounta, Denis"]
[Black "Brih, Said"]
[Result "0-1"]
[WhiteElo "2267"]
[BlackElo "2336"]
[PlyCount "58"]
[EventDate "2009.09.27"]
[EventType "team-match"]
[EventRounds "11"]
[EventCountry "FRA"]
[SourceDate "2009.07.26"]

1. c4 Nf6 2. Nc3 g6 3. e4 d6 4. d4 Bg7 5. f3 O-O 6. Bg5 Nc6 7. Nge2 a6 8. Qd2
e5 9. d5 Nd4 10. Nxd4 exd4 11. Qxd4 h6 12. Bxf6 Bxf6 13. Qd2 Re8 14. O-O-O Bd7
15. Kb1 b5 16. cxb5 axb5 17. Ne2 c5 18. dxc6 Be6 19. b3 Bxb3 20. Nc1 Bxd1 21.
Qxd1 Qc7 22. Qb3 Ra5 23. Bd3 Kg7 24. Qc2 Ra3 25. Nb3 Rea8 26. Bxb5 Rxa2 27.
Qxa2 Rxa2 28. Kxa2 Qa7+ 29. Kb1 Qa3 0-1